000 00560nam a22001937a 4500
003 OSt
005 20260515052043.0
008 260505b |||||||| |||| 00| 0 eng d
020 _a971-683-515-9
040 _aDWCL-Main Lib
_cOC
082 _aRes. 899.211 B297 2006
100 _aBasa, Eliza P.
245 _aEl Filibusterismo /
_cEliza P. Basa
260 _aManila :
_bSt. Augustine,
_cc2006.
300 _aiv , 374 p. :
_bill. ;
_c26 cm.
504 _aIncludes bibliography.
650 _aPhilippines - Literature.
942 _2ddc
_cBK-0 CIRC
_mRes.
_n0
999 _c10249
_d10249